[Event "Rutas de Cuenca op 6th"]
[Site "Cuenca"]
[Date "2019.07.19"]
[Round "1"]
[White "Loro Garcia De Leon, Jose Juan"]
[Black "Lazaro Poveda, Luis Miguel"]
[Result "0-1"]
[WhiteElo "1274"]
[BlackElo "1863"]
[PlyCount "91"]
[EventDate "2019.07.19"]
[EventType "swiss"]
[EventRounds "7"]
[EventCountry "ESP"]
[SourceTitle "CBM 195 Extra"]
[Source "ChessBase"]
[SourceDate "2020.05.31"]
[SourceVersion "1"]
[SourceVersionDate "2020.05.31"]
[SourceQuality "1"]

1. e4 d6 2. d4 e5 3. Be3 Nf6 4. Nc3 exd4 5. Bxd4 Nc6 6. Bb5 Be7 7. e5 dxe5 8. Bxe5 Bd7 9. Bxf6 Bxf6 10. Nge2 0-0 11. 0-0 a6 12. Bxc6 Bxc6 13. Qxd8 Raxd8 14. Rad1 Rfe8 15. Rxd8 Rxd8 16. Rd1 Rxd1+ 17. Nxd1 Be4 18. c3 Kf8 19. Kf1 Ke8 20. Ne3 Bg5 21. f4 Be7 22. Kf2 Bc5 23. Ng3 Bxg2 24. Kxg2 Bxe3 25. Ne2 f5 26. Kg3 Ke7 27. Kh4 Kf6 28. Kh5 c6 29. c4 Bf2 30. Ng3 Bxg3 31. hxg3 b6 32. g4 g6+ 33. Kh4 h6 34. Kg3 fxg4 35. Kxg4 Ke6 36. b3 c5 37. a3 a5 38. Kf3 Kf5 39. Ke3 g5 40. fxg5 hxg5 41. a4 g4 42. Kf2 Kf4 43. Kg2 g3 44. Kf1 Ke3 45. Kg2 Kd3 46. Kxg3 0-1